| 000 | 03856cam a22012734i 4500 | ||
|---|---|---|---|
| 003 | PE-LiUPU | ||
| 005 | 20250813185613.0 | ||
| 008 | 150706s2008 sp r 000 0 spa d | ||
| 020 | _a9788427715905 | ||
| 035 | _a(Sirsi) i9788427715905 | ||
| 040 |
_aPE-LiUPU _bspa _cPE-LiUPU _erda |
||
| 049 | _aPRUA | ||
| 082 | 0 | 4 |
_a371.5 _bK65 _221 |
| 100 | 1 |
_aKnapczyk, Dennis, _eautor. |
|
| 245 | 1 | 0 |
_aGuía de autodisciplina : _bcómo transformar los problemas de conducta en objetivos de autodisciplina / _cDennis Knapczyk ; [traducción, Pablo Manzano Bernárdez]. |
| 264 | 1 |
_aMadrid : _bNarcea, _c[2008] . |
|
| 300 |
_a170 páginas ; _c21 cm. |
||
| 336 |
_atext _2rdacontent |
||
| 337 |
_aunmediated _2rdamedia |
||
| 338 |
_avolume _2rdacarrier |
||
| 490 | 0 | _aEducación hoy | |
| 505 | 0 | _aLa autodisciplina y la conducta de los alumnos -- Transformar los problemas de disciplina en objetivos de autodisciplina -- Autodisciplina y ejecución de actividades -- Autodisciplina y motivación -- Autodisciplina y modo de enjuiciar los propios actos -- Planificación y seguimiento de la enseñanza -- Autodisciplina y hábitos -- Autodisciplina y objetivos escolares y personales. | |
| 526 | _aP202 | ||
| 526 | _aP201 | ||
| 526 | _aP163 | ||
| 526 | _aP162 | ||
| 526 | _aP161 | ||
| 526 | _aP160 | ||
| 526 | _aP148 | ||
| 526 | _aP147 | ||
| 526 | _aP146 | ||
| 526 | _aP145 | ||
| 526 | _aP144 | ||
| 526 | _aP143 | ||
| 526 | _aP142 | ||
| 526 | _aP141 | ||
| 526 | _aP140 | ||
| 526 | _aP139 | ||
| 526 | _aP138 | ||
| 526 | _aP137 | ||
| 526 | _aP136 | ||
| 526 | _aP135 | ||
| 526 | _aP134 | ||
| 526 | _aP133 | ||
| 526 | _aP129 | ||
| 526 | _aP128 | ||
| 526 | _aP127 | ||
| 526 | _aP120 | ||
| 526 | _aP119 | ||
| 526 | _aP118 | ||
| 526 | _aP116 | ||
| 526 | _aP115 | ||
| 526 | _aP114 | ||
| 526 | _aP110 | ||
| 526 | _aP109 | ||
| 526 | _aP108 | ||
| 526 | _aP104 | ||
| 526 | _aP103 | ||
| 526 | _aP102 | ||
| 526 | _aP99 | ||
| 526 | _aP98 | ||
| 526 | _aP97 | ||
| 526 | _aP96 | ||
| 526 | _aP95 | ||
| 526 | _aP93 | ||
| 526 | _aP90 | ||
| 526 | _aP89 | ||
| 526 | _aP88 | ||
| 526 | _aP83 | ||
| 526 | _aP82 | ||
| 526 | _aP62 | ||
| 526 | _aP59 | ||
| 526 | _aP58 | ||
| 526 | _aP57 | ||
| 526 | _aP51 | ||
| 526 | _aP49 | ||
| 526 | _aP48 | ||
| 526 | _aP47 | ||
| 526 | _aP29 | ||
| 526 | _aP24 | ||
| 526 | _aP20 | ||
| 526 | _aP19 | ||
| 526 | _aP17 | ||
| 526 | _aP15 | ||
| 526 | _aP14 | ||
| 526 | _aP12 | ||
| 526 | _aP10 | ||
| 526 | _aP09 | ||
| 526 | _aP08 | ||
| 526 | _aP07 | ||
| 526 | _aP06 | ||
| 526 | _aP05 | ||
| 526 | _aP04 | ||
| 526 | _aP01 | ||
| 541 | _g044-008278; | ||
| 541 | _g044-0008309; | ||
| 650 | 0 | 4 | _aDisciplina escolar. |
| 700 | 1 |
_aManzano Bernárdez, Pablo, _etr. |
|
| 910 | _agl20120725 | ||
| 942 |
_2ddc _cBOOK |
||
| 949 |
_a371.5 K65 _wDEWEY _c1 _i65272 _lCCODEBUL1 _mBUL _p19.00 _r0 _sY _tBOOK _u2015-7-6 _xSALUD _PP33 _o.STAFF. Colección General |
||
| 949 |
_a371.5 K65 _wDEWEY _c2 _i65318 _lCCODEBUL1 _mBUL _p20.00 _r0 _sY _tBOOK _u2015-7-6 _xSALUD _PP33 _o.STAFF. Colección General |
||
| 949 |
_a155.25 K21 2008 _wDEWEY _c1 _iFT02542 _lCCODEBUT1 _mBUT _p{Dolar}25.00 _r0 _sY _tBOOK _u2015-7-6 _xFSALUD _PP33 _o.STAFF. Colección General Tarapoto |
||
| 994 |
_aC0 _bPEPRU |
||
| 596 | _a1 | ||
| 999 |
_a371.5 K65 _wDEWEY _c53847 _i65272 _d53847 _e2019-10-1 _f2021-11-8 _g5 _lCCODEBUL1 _mBUL _n2 _p19.00 _q1 _r0 _sY _tBOOK _u2015-7-6 _xEDUCACION _PP33 _0COMPRA _o.STAFF. Colección General |
||
| 999 |
_a371.5 K65 _wDEWEY _c2 _i65318 _d2018-12-3 _e2018-11-22 _f2021-11-8 _g5 _lCCODEBUL1 _mBUL _n1 _p20.00 _r0 _sY _tBOOK _u2015-7-6 _xEDUCACION _PP33 _0COMPRA _o.STAFF. Colección General |
||
| 980 |
_81 _gALBERTO SANCHEZ Responsable de Automatización |
||